00581nam a22001817a 4500020001800000082002100018245007200039250001200111260004500123300001000168650002700178650001200205650002000217700002500237942000700262999001900269952011100288 a9788119443802 aM 306.349bJOS/K aKarshikasamskruthiyum malayalasahithyavum/cby Jose K. Manuel (ed.) a2nd ed. aKozhikode:bPavanatma Publishers,c2024. a287p. aAgricultural Sociology aCulture aSocial Sciences aJose K. Manuel (ed.) cBK c181995d181995 00104070aSSUSbSSUScSTACKSd2026-06-03g570.00l0oM 306.349 JOS/Kp109007r2026-06-03w2026-06-03yBK